000 00757cam a2200313ua 4500
020 _c65.00
041 _aeng
_h
082 _a532
_bKHU/TE
100 _aKhurmi, R S.
245 _aText book of hydraulics, fluid mechanics, and hydraulic machines /
_cR S Khurmi.
_hTextual Documents
250 _a18 /
_b.
260 _aNew Delhi :
_bS.Chand and Co ,
_c1990.
300 _a982 ; .
365 _a65.00
500 _a*CSS
504 _a
942 _cBK
999 _c7559
_d7559